Capitales sans les lettres de "Alger" - Statistiques

Statistiques générales
  • Ce quiz a été pris 17 fois
    2 depuis la dernière actualisation
  • Le résultat moyen est 3 sur 7
Statistiques - réponses
Continents Capitales % Correct
Amérique du Sud Quito
100%
Europe Minsk
50%
Europe Moscou
50%
Asie Tokyo
50%
Afrique Tunis
50%
Afrique Djibouti
0%
Asie Thimphou
0%
Aucun quiz correspondant
Distribution des résultats
% des personnes avec chaque résultat
Percentile par nombre de réponses
Votre historique - résultats
Vous n’avez pas pris ce quiz depuis la dernière actualisation